the hardy boys mystery stories 10 (Record no. 8597)
[ view plain ]
| 000 -LEADER | |
|---|---|
| fixed length control field | 00953nam a22001817a 4500 |
| 003 - CONTROL NUMBER IDENTIFIER | |
| control field | OSt |
| 005 - DATE AND TIME OF LATEST TRANSACTION | |
| control field | 20260303080207.0 |
| 008 - FIXED-LENGTH DATA ELEMENTS--GENERAL INFORMATION | |
| fixed length control field | 260303b |||||||| |||| 00| 0 eng d |
| 040 ## - CATALOGING SOURCE | |
| Original cataloging agency | DWCL GS library |
| Transcribing agency | OC |
| 082 ## - DEWEY DECIMAL CLASSIFICATION NUMBER | |
| Classification number | Fic. D621w 2008 |
| 100 ## - MAIN ENTRY--PERSONAL NAME | |
| Personal name | Dixon, Franklin W. |
| 245 ## - TITLE STATEMENT | |
| Title | the hardy boys mystery stories 10 |
| Remainder of title | : what happened at midnight |
| Statement of responsibility, etc. | Franklin W. Dixon |
| 260 ## - PUBLICATION, DISTRIBUTION, ETC. | |
| Place of publication, distribution, etc. | Canada |
| Name of publisher, distributor, etc. | Grosset & Dunlap |
| Date of publication, distribution, etc. | c1931 |
| 300 ## - PHYSICAL DESCRIPTION | |
| Extent | 172 |
| Other physical details | illustrations |
| Dimensions | 19cm |
| 520 ## - SUMMARY, ETC. | |
| Summary, etc. | Frank and Joe Hardy receive an unusual assignment from their detective father. They are to break into the house of a Bayport neighbor, Malcolm Wright, and retrieve a top-secret invention that the scientist had hidden in his study before leaving for California. The invention is in danger of being stolen, and the boys race against time to beat the thieves at their own game. |
| 546 ## - LANGUAGE NOTE | |
| Language note | English |
| 942 ## - ADDED ENTRY ELEMENTS (KOHA) | |
| Source of classification or shelving scheme | Dewey Decimal Classification |
| Koha item type | Fiction |
| Classification part | Fic. D621w 2008 n |
| Suppress in OPAC | No |
| 952 ## - LOCATION AND ITEM INFORMATION (KOHA) | |
| -- | |
| Withdrawn status | Lost status | Source of classification or shelving scheme | Damaged status | Not for loan | Home library | Current library | Shelving location | Date acquired | Source of acquisition | Total Checkouts | Full call number | Barcode | Date last seen | Price effective from | Koha item type | Uniform Resource Identifier |
|---|---|---|---|---|---|---|---|---|---|---|---|---|---|---|---|---|
| Dewey Decimal Classification | Grade School Library | Grade School Library | Fiction | 03/03/2026 | School Fund, Donation | Fic. D621w 2008 | 20217 | 03/03/2026 | 03/03/2026 | FIC. |